Position-classification in the public service ; a report submitted to the Civil service assembly by the Committee on position-classification and pay plans in the public service /

Bibliographic Details
Corporate Author: Public Personnel Association. Committee on Position-classification and Pay Plans in the Public Service
Format: Book
Language:English
Published: Chicago : Civil service assembly of the United States and Canada, [1967]
Series:Policies and practices in public personnel administration, report of the Committee on position-classification and pay plans in the public service of the Civil service assembly of the United States and Canada
Subjects:

MARC

Tag First Indicator Second Indicator Subfields
LEADER 00000cam a2200000 4500
001 in00000039840
005 20151007064607.0
008 721212c19671941ilu b 00000 eng d
035 |a (OCoLC)00513353 
035 |9 AAE0181AM 
040 |a WSU  |c WSU  |d TXA  |d UtOrBLW 
049 |a TXAM  |c [426520] 
090 |a JF1601  |b .P82 
092 |a 351.12  |b P976p, 1967 
110 2 |a Public Personnel Association.  |b Committee on Position-classification and Pay Plans in the Public Service. 
245 1 0 |a Position-classification in the public service ;  |b a report submitted to the Civil service assembly by the Committee on position-classification and pay plans in the public service /  |c Ismar Baruch, chairman. 
264 1 |a Chicago :  |b Civil service assembly of the United States and Canada,  |c [1967] 
264 4 |c [©1941] 
300 |a 404 pages ;  |c 24 cm. 
336 |a text  |b txt  |2 rdacontent 
337 |a unmediated  |b n  |2 rdamedia 
338 |a volume  |b nc  |2 rdacarrier 
490 0 |a Policies and practices in public personnel administration, report of the Committee on position-classification and pay plans in the public service of the Civil service assembly of the United States and Canada 
504 |a Bibliographical foot-notes. 
650 0 |a Civil service positions  |z United States  |v Classification. 
650 0 |a Job analysis. 
999 |a MARS 
999 f f |s 780e7f22-674d-3e4a-b1da-f82a3512c14b  |i c63e942a-2de5-33c5-8e5d-499d94b5aa1c  |t 0 
952 f f |p ric  |a Texas A&M University  |b Rellis Campus  |c Joint Library Facility  |d Remote Storage  |t 0  |e JF1601 .P82  |h Library of Congress classification  |i unmediated -- volume  |m A14800794151 
998 f f |a JF1601 .P82  |t 0  |l Remote Storage